| 000 | 00569nam a2200169 4500 | ||
|---|---|---|---|
| 001 | 143497 | ||
| 003 | ES-MaACL | ||
| 005 | 20230906200831.0 | ||
| 007 | t| | ||
| 008 | 070214s1977 sp r ||||1| spa d | ||
| 100 | 1 |
_aSeoánez Calvo, Mariano. _9105496 |
|
| 245 | 1 | 3 |
_aLa contaminación agraria / _cMariano Seoánez Calvo. |
| 260 |
_aMadrid : _bInstituto Nacional de Investigaciones Agrarias, _c1977. |
||
| 300 |
_a502 p., 1 lám. : _bil. ; _c24 cm. |
||
| 710 | 2 |
_aInstituto Nacional de Investigaciones Agrarias (España) _95168 |
|
| 852 |
_aES-MaACL _jA-9007 _bR.97960 |
||
| 999 |
_c143497 _d143497 |
||